000
00304nam a22001337a 4500
008
181029b xxu||||| |||| 00| 0 eng d
020
_a
0201105667
041
_a
eng
080
_a
004
100
_a
28
101
_a
SHK
245
_a
Computers and Reading Instruction
_c
Geoffrion,L.D
942
_2
udc
_c
BK
999
_c
51043
_d
51043